00274nam a2200121Ia 4500008004100000041000800041082001500049100001000064245001500074260003800089300001800127365000700145240624s9999 xx 000 0 und d aeng a657.45 ICF aICFAI aAUDITING I c2006aHyderabadbICFAI University a422 : p. ; 26 cRS